Capacidad de pesca y manejo pesquero en América Latina y el Caribe
Saved in:
| Hovedforfatter: | |
|---|---|
| Format: | Bog |
| Sprog: | spansk |
| Udgivet: |
Santiago
ICSED
2007
|
| Serier: | Fao Documento Técnico de Pesca, 461
|
| Fag: | |
| Tags: |
Tilføj Tag
Ingen Tags, Vær først til at tagge denne postø!
|
MARC
| LEADER | 00000nam a2200000 a 4500 | ||
|---|---|---|---|
| 001 | UCI3717 | ||
| 003 | CL-VaPUC | ||
| 008 | 071123e20070000CL |||||||||||||||||spa|d | ||
| 082 | 0 | 4 | |a 639.2 |b AGU |2 21 |
| 100 | 0 | |a Agüero, Max |e author |9 525220 | |
| 245 | 1 | 0 | |a Capacidad de pesca y manejo pesquero en América Latina y el Caribe |
| 300 | |a 403 p | ||
| 942 | |c BK | ||
| 945 | |d 20071123 00:00:00 |a jtorresc | ||
| 260 | |a Santiago |b ICSED |c 2007 | ||
| 650 | 0 | |a Industria pesquera |9 255432 | |
| 650 | 7 | |a EXPLOTACION PESQUERA |2 CL-VaPUC |9 262330 | |
| 650 | 0 | |a Recursos pesqueros |9 255431 | |
| 650 | 0 | |a Pesca |9 258707 | |
| 650 | 0 | |a Industria pesquera |9 255432 | |
| 650 | 7 | |a OPERACIONES PESQUERAS |2 CL-VaPUC |9 338590 | |
| 650 | 0 | |a Economía |9 255568 | |
| 650 | 7 | |a SECTOR PESQUERO |2 CL-VaPUC |9 326876 | |
| 651 | 0 | |a América Latina |9 255027 | |
| 583 | |a last modification |c 20071123 00:00:00 |k Rodrigo Vera | ||
| 490 | 0 | |a Fao Documento Técnico de Pesca, 461 | |
| 999 | |c 327835 |d 327833 | ||
| 952 | |0 0 |1 0 |4 0 |6 639_200000000000000_AGU_2007 |7 0 |8 CCM |9 411307 |a BIBCUR |b BIBCUR |d 2019-11-22 |i 4390555 |o 639.2 AGU 2007 |p 4390555 |r 2025-04-22 |w 2019-11-22 |y BK_X |k CIM | ||